书目信息 |
| 题名: |
争雄世界
|
|
| 作者: | 费舍尔 , Fischer 著 ;何江 , 李世隆 译 | |
| 分册: | 上 | |
| 出版信息: | 北京 商务印书馆 1987 |
|
| 页数: | 208044页 | |
| 开本: | 20cm | |
| 丛书名: | ||
| 单 册: | ||
| 中图分类: | K516.42 | |
| 科图分类: | ||
| 主题词: | 第一次世界大战--德国--史料 | |
| 电子资源: | ||
| ISBN: | 7-100-00359-8 | |
| 000 | 01022nam0 2200301 45 | |
| 001 | 0187008955 | |
| 005 | 20040512082901.9 | |
| 010 | @a7-100-00359-8@dCNY6.80 | |
| 100 | @a19900830d1987 kemy0chiy0121 ea | |
| 101 | 1 | @achi@cger |
| 102 | @aCN@b110000 | |
| 105 | @ay z 000yd | |
| 106 | @ar | |
| 200 | 10 | @a争雄世界@h上@Azheng xiong shi jie@e德意志帝国1914~1918年战争目标政策@f(联邦德国)费舍尔(Fischer,F.)著@g何江, 李世隆译 |
| 210 | @a北京@c商务印书馆@d1987 | |
| 215 | @a208044页@d20cm | |
| 300 | @a书名原文: Griff nach der weitmacht | |
| 510 | 1 | @aGriff nach der weitmacht@zger |
| 517 | 1 | @a德意志帝国1914~1918年战争目标政策@Ade yi zhi di guo 1914 ~ 1918 nian zhan zheng mu biao zheng ce |
| 606 | @a第一次世界大战@y德国@x史料 | |
| 690 | @aK516.42@v3 | |
| 701 | 1 | @a费舍尔@Afei she er@bF.@4著 |
| 701 | A1 | @aFischer@bF.@4著 |
| 702 | 0 | @a何江@Ahe jiang@4译 |
| 702 | 0 | @a李世隆@Ali shi long@4译 |
| 801 | 0 | @aCN@b深圳图书馆@c20040512 |
| 801 | 2 | @aCN@bNLC@c20040512 |
| 905 | @dK516.42@e13:1@f1@b208044 | |
| 争雄世界.上:德意志帝国1914~1918年战争目标政策/(联邦德国)费舍尔(Fischer,F.)著/何江, 李世隆译.-北京:商务印书馆,1987 |
| 208044页;20cm |
| 书名原文: Griff nach der weitmacht |
| ISBN 7-100-00359-8:CNY6.80 |
| ● |
| 相关链接 |
|
|
|
|
正题名:争雄世界
索取号:K516.42/13:1
 
预约/预借
| 序号 | 登录号 | 条形码 | 馆藏地/架位号 | 状态 | 备注 |
| 1 | 0208044 | 001395225 | 第二借阅区/ [索取号:K516.42/13:1] | 在馆 | |
| 2 | 0208045 | 001395261 | 第二样本阅览室/ [索取号:K516.42/13:1] | 在馆 |